| 000 | 00363nam a22001217a 4500 | ||
|---|---|---|---|
| 999 |
_c1563 _d1563 |
||
| 005 | 20200901150049.0 | ||
| 008 | 200901b ||||| |||| 00| 0 eng d | ||
| 020 | _a0719545889 | ||
| 040 | _cCML | ||
| 245 |
_aAural Tests in Mathematics 1. _cWyvern, P.G. |
||
| 260 |
_aGreat Britain _bJohn Murray Ltd _c1989 |
||
| 942 |
_2ddc _cBK _e1st Edition _h510 _mWYV |
||